| 000 | 00641nam a22002057a 4500 | ||
|---|---|---|---|
| 005 | 20141127144315.0 | ||
| 010 | _aENG-111233 | ||
| 020 |
_a9788120350618 _c595.00 |
||
| 035 | _aEN-94765 | ||
| 037 | _bDBAD/PUB | ||
| 082 | _a511 | ||
| 100 | _aBiswal, Purna Chandra | ||
| 245 |
_aDiscrete mathematics and graph theory / _cby Purna Chandra Biswal |
||
| 250 | _a4th ed | ||
| 260 |
_aDelhi _bPHI Learning _c2015 |
||
| 270 |
_aRimjhim House, 111, Patparganj Industrial Estate _bDelhi _e110092 |
||
| 300 |
_axviii,730p. _c24cm(pbk) |
||
| 500 | _aIncludes bibliographical references and index | ||
| 942 |
_2ddc _cEN _mBIS _h511 |
||
| 999 |
_c90049 _d90049 |
||